| 000 | 01589nam a2200373 i 4500 | ||
|---|---|---|---|
| 001 | 000007836 | ||
| 003 | DO-SdBNP | ||
| 005 | 20260602165034.0 | ||
| 007 | ta | ||
| 008 | 090911s1976 dr r 000 0 spa d | ||
| 040 |
_aDO-SdBNP _bspa _cBNPHU _erda |
||
| 041 | _aspa | ||
| 082 |
_a016.557293 _bP128b _222 |
||
| 100 | 1 |
_4aut. _aPagán Perdomo, Dato _921572 _eautor |
|
| 245 | 1 | 0 |
_aBibliografía geológica y paleontológica de la Isla de Santo Domingo : _bRepública Dominicana - República de Haití / _cDato Pagán Perdomo ; edición a cargo de Eridania Mir. |
| 264 | 1 |
_aSanto Domingo, República Dominicana : _bEditora de la Universidad Autónoma de Santo Domingo, _c1976 |
|
| 300 |
_a219 páginas ; _c23 cm |
||
| 336 |
_atexto _btxt _2rdacontent |
||
| 337 |
_asin mediación _bn _2rdamedia |
||
| 338 |
_avolumen _bnc _2rdacarrier |
||
| 490 | 1 |
_aCiencia y tecnología ; _v4 |
|
| 490 | 1 |
_aPublicaciones de la Universidad Autónoma de Santo Domingo ; _v212 |
|
| 500 | _aIncluye datos biográficos del autor en la contracubierta | ||
| 500 | _aIncluye índice | ||
| 500 | _aEl ejemplar 5 está dedicado dedicado a Emilio Cordero Michel con fecha 30 de noviembre 1976. | ||
| 590 | _aInventariado, 2024/ YL | ||
| 650 | 4 |
_aGeología _xBibliografía _zRepública Dominicana _986751 |
|
| 650 | 4 |
_aMinas _xBibliografía _zRepública Dominicana _986752 |
|
| 650 | 4 |
_aPaleontología _xBibliografía _zHaití _986753 |
|
| 651 |
_aPaleontología S _xBibliografía _zRepública Dominicana _986754 |
||
| 700 | 1 |
_4ed. _aMir, Eridania, _eeditor _910197 |
|
| 910 | _aYLockward | ||
| 942 |
_2ddc _cLBS1 |
||
| 999 |
_c7614 _d7614 |
||